[Event "Titled Tuesday intern op 28th Dec"]
[Site "Chess.com INT"]
[Date "2021.12.28"]
[Round "9"]
[White "Urazayev, Arystanbek"]
[Black "Gaehwiler, Gabriel"]
[Result "0-1"]
[WhiteElo "2437"]
[BlackElo "2400"]
[PlyCount "118"]
[EventDate "2021.12.28"]
[EventType "swiss (blitz)"]
[EventRounds "11"]
[EventCountry "USA"]
[SourceTitle "CBM 206 Extra"]
[Source "ChessBase"]
[SourceDate "2022.03.31"]
[SourceVersion "1"]
[SourceVersionDate "2022.03.31"]
[SourceQuality "1"]

1. Nf3 Nf6 2. g3 b6 3. Bg2 Bb7 4. O-O g6 5. b3 Bg7 6. Bb2 O-O 7. c4 c5 8. Nc3 d5 9. cxd5 Nxd5 10. Qc1 Nc6 11. Nxd5 Qxd5 12. Bxg7 Kxg7 13. Qb2+ Kg8 14. Ne5 Qxe5 15. Qxe5 Nxe5 16. Bxb7 Rad8 17. d3 Rd4 18. Rac1 Rfd8 19. f4 Ng4 20. Bf3 Ne3 21. Rfe1 Kf8 22. Kf2 Nf5 23. Rc4 Nd6 24. Rxd4 cxd4 25. Rc1 Rc8 26. Rxc8+ Nxc8 27. e3 dxe3+ 28. Kxe3 Nd6 29. Kd4 e6 30. Kc3 Ke7 31. d4 f6 32. Bc6 Kd8 33. b4 Kc7 34. b5 Nf5 35. Kd3 Kd6 36. g4 Ne7 37. Be8 Nd5 38. Ke4 f5+ 39. gxf5 Nf6+ 40. Kf3 Nxe8 41. fxg6 hxg6 42. Kg4 Ke7 43. Kg5 Kf7 44. h4 Ng7 45. Kg4 Nf5 46. d5 Ne3+ 47. Kg5 Nxd5 48. a4 Kg7 49. f5 exf5 50. a5 bxa5 51. h5 gxh5 52. Kxf5 Nc7 53. Ke5 Nxb5 54. Kd5 h4 55. Kc4 h3 56. Kb3 h2 57. Ka4 Nc3+ 58. Kxa5 Kf6 59. Kb4 Ne4 0-1

[Event "Titled Tuesday intern op 28th Dec"]
[Site "Chess.com INT"]
[Date "2021.12.28"]
[Round "9"]
[White "Vifleemskaia, Svetlana"]
[Black "Todorovic, Bojan"]
[Result "0-1"]
[WhiteElo "1926"]
[BlackElo "2222"]
[PlyCount "98"]
[EventDate "2021.12.28"]
[EventType "swiss (blitz)"]
[EventRounds "11"]
[EventCountry "USA"]
[SourceTitle "CBM 206 Extra"]
[Source "ChessBase"]
[SourceDate "2022.03.31"]
[SourceVersion "1"]
[SourceVersionDate "2022.03.31"]
[SourceQuality "1"]

1. d4 Nf6 2. c4 g6 3. Nc3 Bg7 4. e4 O-O 5. Nge2 d6 6. Ng3 c5 7. d5 e6 8. Be2 exd5 9. cxd5 a6 10. a4 Qe7 11. O-O h5 12. Bg5 Qe5 13. Qd2 Nh7 14. Bh6 h4 15. Nh1 Nd7 16. h3 Ndf6 17. Bxg7 Kxg7 18. f3 Nh5 19. f4 Qd4+ 20. Qxd4+ cxd4 21. Bxh5 dxc3 22. Bf3 cxb2 23. Rab1 Bd7 24. a5 Bb5 25. Rf2 g5 26. Rbxb2 gxf4 27. Be2 Rfe8 28. Rxf4 Nf6 29. Nf2 Bxe2 30. Rxe2 Nxd5 31. Rxh4 Nf6 32. Rb2 Re7 33. Rb6 Rd8 34. Rf4 Rdd7 35. g4 Re6 36. Kg2 d5 37. Rxe6 fxe6 38. e5 Ng8 39. h4 Ne7 40. h5 Nc6 41. g5 Nxe5 42. h6+ Kg6 43. Nh3 Rf7 44. Rxf7 Nxf7 45. Kf3 e5 46. Ke3 Kf5 47. Kd3 Nh8 48. Ke3 Ng6 49. Kd3 Kg4 0-1

[Event "Titled Tuesday intern op 28th Dec"]
[Site "Chess.com INT"]
[Date "2021.12.28"]
[Round "9"]
[White "Vivas Zamora, Fabian Ernesto"]
[Black "Starozhilov, Leonid"]
[Result "1-0"]
[WhiteElo "2344"]
[BlackElo "2293"]
[PlyCount "75"]
[EventDate "2021.12.28"]
[EventType "swiss (blitz)"]
[EventRounds "11"]
[EventCountry "USA"]
[SourceTitle "CBM 206 Extra"]
[Source "ChessBase"]
[SourceDate "2022.03.31"]
[SourceVersion "1"]
[SourceVersionDate "2022.03.31"]
[SourceQuality "1"]

1. c4 Nf6 2. Nc3 g6 3. g3 Bg7 4. Bg2 d6 5. d4 O-O 6. Nf3 c6 7. O-O Bf5 8. b3 Ne4 9. Bb2 Nxc3 10. Bxc3 Be4 11. Qd2 Nd7 12. Rad1 d5 13. Nh4 Bxg2 14. Nxg2 Nf6 15. f3 e6 16. Qd3 Qb6 17. c5 Qc7 18. e4 dxe4 19. fxe4 Rad8 20. d5 Ng4 21. d6 Qd7 22. Bxg7 Kxg7 23. Qf3 f5 24. e5 g5 25. h3 Nh6 26. h4 Nf7 27. hxg5 Nxg5 28. Qh5 h6 29. Nf4 Qf7 30. Kg2 Ne4 31. Rh1 Rh8 32. Rh4 b6 33. cxb6 axb6 34. Rdh1 Qxh5 35. Rxh5 Rdf8 36. Nxe6+ Kf7 37. Nxf8 Kxf8 38. Rxh6 1-0

[Event "Titled Tuesday intern op 28th Dec"]
[Site "Chess.com INT"]
[Date "2021.12.28"]
[Round "9"]
[White "Wagner, Dennis"]
[Black "Sokolin, Leonid M"]
[Result "1-0"]
[WhiteElo "2584"]
[BlackElo "2482"]
[PlyCount "75"]
[EventDate "2021.12.28"]
[EventType "swiss (blitz)"]
[EventRounds "11"]
[EventCountry "USA"]
[SourceTitle "CBM 206 Extra"]
[Source "ChessBase"]
[SourceDate "2022.03.31"]
[SourceVersion "1"]
[SourceVersionDate "2022.03.31"]
[SourceQuality "1"]

1. d4 Nf6 2. Nf3 e6 3. g3 c5 4. c4 cxd4 5. Nxd4 Bb4+ 6. Bd2 Qb6 7. e3 Nc6 8. Bg2 Ne5 9. Qb3 a5 10. O-O Qc5 11. Rc1 O-O 12. h3 Ra6 13. Qd1 a4 14. Bxb4 Qxb4 15. Qd2 Qc5 16. Na3 h5 17. f4 Nc6 18. Ndb5 e5 19. Kh2 h4 20. g4 Na7 21. Rc3 Re6 22. f5 Re7 23. g5 Nh5 24. Nd6 Nc6 25. Qd5 Qb4 26. Rc2 Ng3 27. Nab5 e4 28. g6 Re5 29. gxf7+ Kh8 30. Qd1 Qc5 31. Qg4 Nxf5 32. Bxe4 Nxd6 33. Nxd6 Qxd6 34. Qxh4+ Rh5+ 35. Qf4 Qxf4+ 36. exf4 Rxf7 37. Bg6 Rff5 38. Re1 1-0

[Event "Titled Tuesday intern op 28th Dec"]
[Site "Chess.com INT"]
[Date "2021.12.28"]
[Round "9"]
[White "Yuan, Qingyu"]
[Black "Vlassov, Nikolai"]
[Result "1-0"]
[WhiteElo "2373"]
[BlackElo "2294"]
[PlyCount "93"]
[EventDate "2021.12.28"]
[EventType "swiss (blitz)"]
[EventRounds "11"]
[EventCountry "USA"]
[SourceTitle "CBM 206 Extra"]
[Source "ChessBase"]
[SourceDate "2022.03.31"]
[SourceVersion "1"]
[SourceVersionDate "2022.03.31"]
[SourceQuality "1"]

1. Nf3 c5 2. c4 g6 3. Nc3 Bg7 4. e3 Nf6 5. d4 O-O 6. Be2 d5 7. O-O cxd4 8. Nxd4 Nc6 9. cxd5 Nxd5 10. Nxd5 Qxd5 11. Bf3 Qd7 12. Nxc6 bxc6 13. Qc2 Bb7 14. Rd1 Qc7 15. Bd2 Rfd8 16. Rac1 Rd6 17. Bb4 Rxd1+ 18. Rxd1 Rd8 19. b3 Rxd1+ 20. Qxd1 c5 21. Qc1 Bxf3 22. gxf3 Qb7 23. Qxc5 h5 24. Kg2 Bf6 25. Ba5 a6 26. Qb6 Qd5 27. Qxa6 Qg5+ 28. Kf1 Qf5 29. Qa8+ Kh7 30. Kg2 Qg5+ 31. Kf1 Qf5 32. Bc7 Qb5+ 33. Kg2 Qg5+ 34. Kh1 h4 35. Qe4 Qc5 36. Qc4 Qf5 37. Qf4 Qb1+ 38. Kg2 Qxa2 39. b4 Qe6 40. h3 Qc6 41. Ba5 Kg7 42. Qe4 Qb5 43. Qg4 Bc3 44. Qe4 Qg5+ 45. Qg4 Qd5 46. Qxh4 g5 47. Qe4 1-0

[Event "Titled Tuesday intern op 28th Dec"]
[Site "Chess.com INT"]
[Date "2021.12.28"]
[Round "9"]
[White "Zhang, Alan"]
[Black "Farmani Anosheh, Armin"]
[Result "0-1"]
[WhiteElo "2077"]
[BlackElo "2345"]
[PlyCount "70"]
[EventDate "2021.12.28"]
[EventType "swiss (blitz)"]
[EventRounds "11"]
[EventCountry "USA"]
[SourceTitle "CBM 206 Extra"]
[Source "ChessBase"]
[SourceDate "2022.03.31"]
[SourceVersion "1"]
[SourceVersionDate "2022.03.31"]
[SourceQuality "1"]

1. e4 c5 2. Nf3 Nc6 3. d4 cxd4 4. Nxd4 Nf6 5. Nc3 d6 6. Bc4 e6 7. Be3 a6 8. O-O Qc7 9. Qe2 Be7 10. a4 O-O 11. h3 Nxd4 12. Bxd4 e5 13. Be3 Be6 14. Ba2 h6 15. a5 Qc6 16. Qd3 Rac8 17. Rfd1 Rfe8 18. f4 exf4 19. Bxf4 Bf8 20. Bxd6 Bxd6 21. Qxd6 Bxa2 22. Rxa2 Qxd6 23. Rxd6 Nxe4 24. Nxe4 Rxe4 25. Rb6 Rxc2 26. Rxb7 Re1+ 27. Kh2 Ree2 28. Ra3 Rxg2+ 29. Kh1 Rh2+ 30. Kg1 Rcg2+ 31. Kf1 Rxb2 32. Rxb2 Rxb2 33. Rc3 Rb5 34. Rc8+ Kh7 35. Rc7 f6 0-1

[Event "Titled Tuesday intern op 28th Dec"]
[Site "Chess.com INT"]
[Date "2021.12.28"]
[Round "10"]
[White "Abdrlauf, Elham"]
[Black "Savchenko, Boris"]
[Result "0-1"]
[WhiteElo "2350"]
[BlackElo "2535"]
[PlyCount "76"]
[EventDate "2021.12.28"]
[EventType "swiss (blitz)"]
[EventRounds "11"]
[EventCountry "USA"]
[SourceTitle "CBM 206 Extra"]
[Source "ChessBase"]
[SourceDate "2022.03.31"]
[SourceVersion "1"]
[SourceVersionDate "2022.03.31"]
[SourceQuality "1"]

1. e4 c5 2. Nf3 d6 3. d4 cxd4 4. Nxd4 Nf6 5. Nc3 a6 6. Bc4 e6 7. Bb3 Be7 8. g4 h6 9. Qe2 b5 10. Be3 Bb7 11. O-O-O Qc8 12. f3 Nc6 13. h4 Na5 14. g5 Nd7 15. g6 Nc5 16. gxf7+ Kxf7 17. Kb1 Bf6 18. Rhg1 Naxb3 19. axb3 b4 20. Na4 Nxa4 21. bxa4 Qd7 22. Nb3 Bc6 23. Bd4 Bxa4 24. e5 dxe5 25. Bxe5 Qb5 26. Qe4 Qxe5 27. Qb7+ Be7 28. Rde1 Qd6 29. Qe4 Bf6 30. Rd1 Qe7 31. Qg6+ Kf8 32. Nd4 Be8 33. Qe4 Bxd4 34. Qxd4 e5 35. Qe4 Rd8 36. Rxd8 Qxd8 37. Qxb4+ Qe7 38. Qe4 g6 0-1

[Event "Titled Tuesday intern op 28th Dec"]
[Site "Chess.com INT"]
[Date "2021.12.28"]
[Round "10"]
[White "Adewumi, Tanitoluwa"]
[Black "Piesik, Piotr"]
[Result "0-1"]
[WhiteElo "2136"]
[BlackElo "2407"]
[PlyCount "114"]
[EventDate "2021.12.28"]
[EventType "swiss (blitz)"]
[EventRounds "11"]
[EventCountry "USA"]
[SourceTitle "CBM 206 Extra"]
[Source "ChessBase"]
[SourceDate "2022.03.31"]
[SourceVersion "1"]
[SourceVersionDate "2022.03.31"]
[SourceQuality "1"]

1. e4 g6 2. Bc4 Bg7 3. Nf3 c6 4. Nc3 b5 5. Bb3 b4 6. Ne2 d5 7. O-O Nh6 8. d3 Bg4 9. Ng3 dxe4 10. Nxe4 Nf5 11. Bxf7+ Kxf7 12. Nfg5+ Ke8 13. Qxg4 Qd5 14. Re1 Nd7 15. Bd2 Ne5 16. Qe2 Nd4 17. Qd1 h6 18. Nh3 a5 19. Nf4 Qf7 20. c3 bxc3 21. bxc3 Nf5 22. d4 Nc4 23. Qa4 Rc8 24. Nd3 Kf8 25. Bf4 g5 26. Bg3 Kg8 27. Rab1 Kh7 28. Rb7 Rhf8 29. Ne5 Nxe5 30. dxe5 Nxg3 31. hxg3 Bxe5 32. Qxa5 Bg7 33. Qc5 Rce8 34. Qe3 Qxa2 35. Nd2 Qf7 36. Nf3 Bf6 37. Qe4+ Qg6 38. g4 Qxe4 39. Rxe4 Rd8 40. c4 Rd6 41. g3 Ra8 42. Kg2 Ra2 43. Re1 Rc2 44. Rf1 Rxc4 45. Ne5 Bxe5 46. Rxe7+ Bg7 47. f4 gxf4 48. gxf4 Kg6 49. f5+ Kf6 50. Rc7 Rc3 51. Re1 Rd2+ 52. Kg1 Rg3+ 53. Kh1 Rxg4 54. Re6+ Kxf5 55. Rexc6 Rd1+ 56. Kh2 Be5+ 57. Kh3 Rh1# 0-1

[Event "Titled Tuesday intern op 28th Dec"]
[Site "Chess.com INT"]
[Date "2021.12.28"]
[Round "10"]
[White "Andreikin, Dmitry"]
[Black "Le Goff, Ronan"]
[Result "1/2-1/2"]
[WhiteElo "2724"]
[BlackElo "2280"]
[PlyCount "50"]
[EventDate "2021.12.28"]
[EventType "swiss (blitz)"]
[EventRounds "11"]
[EventCountry "USA"]
[SourceTitle "CBM 206 Extra"]
[Source "ChessBase"]
[SourceDate "2022.03.31"]
[SourceVersion "1"]
[SourceVersionDate "2022.03.31"]
[SourceQuality "1"]

1. d4 d5 2. c4 e6 3. Nf3 Nf6 4. Nc3 Be7 5. Bf4 O-O 6. a3 dxc4 7. e4 b5 8. Nxb5 Nxe4 9. Nxc7 g5 10. Be5 f6 11. Bxc4 fxe5 12. Nxe6 Qa5+ 13. b4 Bxb4+ 14. Kf1 Rxf3 15. Nxg5+ Kh8 16. Nxe4 Rxa3 17. Rxa3 Qxa3 18. dxe5 Nd7 19. Qd5 Bb7 20. Qxb7 Qc1+ 21. Ke2 Qxc4+ 22. Ke3 Qb3+ 23. Ke2 Qc4+ 24. Ke3 Qb3+ 25. Ke2 Qc4+ 1/2-1/2

[Event "Titled Tuesday intern op 28th Dec"]
[Site "Chess.com INT"]
[Date "2021.12.28"]
[Round "10"]
[White "Aradhya, Garg"]
[Black "Gurevich, Dmitry"]
[Result "0-1"]
[WhiteElo "2236"]
[BlackElo "2358"]
[PlyCount "82"]
[EventDate "2021.12.28"]
[EventType "swiss (blitz)"]
[EventRounds "11"]
[EventCountry "USA"]
[SourceTitle "CBM 206 Extra"]
[Source "ChessBase"]
[SourceDate "2022.03.31"]
[SourceVersion "1"]
[SourceVersionDate "2022.03.31"]
[SourceQuality "1"]

1. d4 Nf6 2. c4 a6 3. Nc3 c5 4. dxc5 e6 5. Be3 Ng4 6. Qd4 Nxe3 7. Qxe3 Qa5 8. Nf3 Bxc5 9. Qd2 Qc7 10. e3 O-O 11. Be2 b6 12. O-O Bb7 13. Rfd1 Be7 14. Rac1 d6 15. b3 Nd7 16. Nd4 Rac8 17. e4 Rfd8 18. Qe3 h6 19. g3 Qb8 20. h4 Bf6 21. Rc2 Qa8 22. Rcd2 Nc5 23. Bf3 Be7 24. Nde2 b5 25. cxb5 axb5 26. Nxb5 Nxe4 27. Bxe4 Bxe4 28. Nxd6 Bxd6 29. Rxd6 Rxd6 30. Rxd6 Bh1 31. Nf4 g5 32. hxg5 hxg5 33. Qe5 gxf4 34. Qg5+ Kf8 35. gxf4 Be4 36. Qh6+ Ke7 37. Rd1 Rg8+ 38. Kh2 Bf5 39. Qh4+ f6 40. Rg1 Rh8 41. Rg7+ Kd6 0-1

[Event "Titled Tuesday intern op 28th Dec"]
[Site "Chess.com INT"]
[Date "2021.12.28"]
[Round "10"]
[White "Avazkhonov, Alikhon"]
[Black "Shtyka, Sergey"]
[Result "0-1"]
[WhiteElo "1538"]
[BlackElo "2154"]
[PlyCount "66"]
[EventDate "2021.12.28"]
[EventType "swiss (blitz)"]
[EventRounds "11"]
[EventCountry "USA"]
[SourceTitle "CBM 206 Extra"]
[Source "ChessBase"]
[SourceDate "2022.03.31"]
[SourceVersion "1"]
[SourceVersionDate "2022.03.31"]
[SourceQuality "1"]

1. f4 c5 2. Nf3 Nc6 3. g3 g6 4. Bg2 Bg7 5. O-O Nf6 6. d3 d5 7. Qe1 d4 8. c4 O-O 9. Na3 Qd6 10. Bd2 Bd7 11. Nc2 Rfe8 12. b4 b6 13. b5 Nd8 14. Ne5 Rc8 15. a4 Ng4 16. Nxd7 Qxd7 17. h3 Nh6 18. a5 Nf5 19. axb6 axb6 20. g4 Ne3 21. Nxe3 dxe3 22. Bc3 Bd4 23. Ra6 Qd6 24. Qa1 Ne6 25. f5 Nf4 26. Ra2 e5 27. fxe6 Rxe6 28. Bxd4 cxd4 29. Qe1 Kg7 30. Qc1 Rc5 31. Qc2 h5 32. gxh5 Rxh5 33. Ra7 Nxh3+ 0-1

[Event "Titled Tuesday intern op 28th Dec"]
[Site "Chess.com INT"]
[Date "2021.12.28"]
[Round "10"]
[White "Bach, Matthias"]
[Black "Brunner, Nicolas"]
[Result "0-1"]
[WhiteElo "2243"]
[BlackElo "2415"]
[PlyCount "148"]
[EventDate "2021.12.28"]
[EventType "swiss (blitz)"]
[EventRounds "11"]
[EventCountry "USA"]
[SourceTitle "CBM 206 Extra"]
[Source "ChessBase"]
[SourceDate "2022.03.31"]
[SourceVersion "1"]
[SourceVersionDate "2022.03.31"]
[SourceQuality "1"]

1. d4 d5 2. c4 e6 3. Nc3 Be7 4. Nf3 Nf6 5. g3 O-O 6. Bg2 dxc4 7. Ne5 c5 8. dxc5 Qxd1+ 9. Nxd1 Bxc5 10. Nxc4 Bb4+ 11. Bd2 Bxd2+ 12. Nxd2 Na6 13. Nc4 Rb8 14. Nc3 Nb4 15. O-O b6 16. a3 Nbd5 17. Nb5 Ba6 18. a4 Bxb5 19. axb5 Rbc8 20. b3 Rc7 21. Rfc1 Rfc8 22. Ra4 Kf8 23. Bf3 Nd7 24. Rca1 Nc3 25. Rxa7 Nxb5 26. R7a6 Rb8 27. Kg2 Nd4 28. Nd2 Ke7 29. e3 Nxf3 30. Kxf3 Nc5 31. Ra7 Rbc8 32. b4 Nd3 33. Nb3 Nxb4 34. Nd4 Nd5 35. Nb5 Rxa7 36. Rxa7+ Kf6 37. e4 Nc3 38. Nd6 Rf8 39. Rb7 b5 40. Ke3 Ke5 41. Nxb5 Nxb5 42. Rxb5+ Kf6 43. f4 g6 44. g4 Rc8 45. g5+ Kg7 46. Rb3 Rc2 47. h3 Rh2 48. Kd4 Rf2 49. Ke5 Rh2 50. Rc3 Rh1 51. Rb3 Rh2 52. Rc3 Rf2 53. Rb3 Ra2 54. Rc3 Ra5+ 55. Kd4 Ra4+ 56. Ke5 Ra1 57. Rb3 Ra5+ 58. Kd4 h6 59. gxh6+ Kxh6 60. Rb7 Kg7 61. Rb3 Rh5 62. Rg3 Ra5 63. Rb3 Ra1 64. Ke5 Rf1 65. Rg3 Rf2 66. Re3 Rf1 67. Rg3 Re1 68. Rf3 f6+ 69. Kxe6 Rxe4+ 70. Kd5 Re1 71. f5 g5 72. Rg3 Kh6 73. Rf3 Kh5 74. Kd4 Re5 0-1

[Event "Titled Tuesday intern op 28th Dec"]
[Site "Chess.com INT"]
[Date "2021.12.28"]
[Round "10"]
[White "Begunov, Konstantin"]
[Black "Nechaeva, Marina"]
[Result "1-0"]
[WhiteElo "2325"]
[BlackElo "2384"]
[PlyCount "109"]
[EventDate "2021.12.28"]
[EventType "swiss (blitz)"]
[EventRounds "11"]
[EventCountry "USA"]
[SourceTitle "CBM 206 Extra"]
[Source "ChessBase"]
[SourceDate "2022.03.31"]
[SourceVersion "1"]
[SourceVersionDate "2022.03.31"]
[SourceQuality "1"]

1. d4 Nf6 2. c4 e6 3. Nf3 b6 4. g3 Ba6 5. Qa4 Bb7 6. Bg2 c5 7. dxc5 bxc5 8. Nc3 Be7 9. O-O O-O 10. Rd1 Qb6 11. Bf4 Rd8 12. Rd2 d6 13. Rad1 Ne8 14. Qb5 Qc7 15. Qb3 a6 16. Na4 Nc6 17. Qb6 Qxb6 18. Nxb6 Rab8 19. Na4 e5 20. Bg5 f6 21. Be3 Nd4 22. Nh4 g6 23. Bxb7 Rxb7 24. Nc3 Nc7 25. f4 f5 26. Ng2 Bf6 27. Bf2 Re8 28. Ne3 exf4 29. gxf4 Bg7 30. Kf1 Bh6 31. Ned5 Nxd5 32. Nxd5 Kf7 33. Bxd4 cxd4 34. b3 Bg7 35. Kf2 Re4 36. Kf3 h6 37. e3 dxe3 38. Nxe3 Bf8 39. Rd4 Re6 40. Nd5 Rb8 41. R1d3 Re1 42. Re3 Ra1 43. Rd2 Rb7 44. Nc3 Bg7 45. Rxd6 Bxc3 46. Rxc3 Rxa2 47. Re3 Rxh2 48. Rxa6 Rh3+ 49. Ke2 Rxe3+ 50. Kxe3 Rxb3+ 51. Kd4 h5 52. c5 h4 53. Ra7+ Ke6 54. Ra6+ Kf7 55. Ra7+ 1-0

[Event "Titled Tuesday intern op 28th Dec"]
[Site "Chess.com INT"]
[Date "2021.12.28"]
[Round "10"]
[White "Berezin, Viktor1"]
[Black "Nazaretyan, Tigran"]
[Result "0-1"]
[WhiteElo "2307"]
[BlackElo "2316"]
[PlyCount "62"]
[EventDate "2021.12.28"]
[EventType "swiss (blitz)"]
[EventRounds "11"]
[EventCountry "USA"]
[SourceTitle "CBM 206 Extra"]
[Source "ChessBase"]
[SourceDate "2022.03.31"]
[SourceVersion "1"]
[SourceVersionDate "2022.03.31"]
[SourceQuality "1"]

1. d4 Nf6 2. Nf3 g6 3. g3 Bg7 4. Bg2 O-O 5. O-O d6 6. a4 c5 7. Nc3 Nc6 8. d5 Nb4 9. Nd2 e6 10. e4 exd5 11. exd5 Bf5 12. Nde4 Re8 13. Re1 Qd7 14. Nxf6+ Bxf6 15. Ne4 Bxe4 16. Bxe4 Re7 17. c3 Rae8 18. f3 Na6 19. Qc2 c4 20. Be3 Bg7 21. Bg5 f6 22. Bh4 Nc5 23. Rad1 f5 24. Bxe7 Rxe7 25. Bxf5 Rxe1+ 26. Rxe1 gxf5 27. Qe2 Nd3 28. Qe7 Qxe7 29. Rxe7 Nxb2 30. Rxb7 Bxc3 31. Rxa7 Bd4+ 0-1

[Event "Titled Tuesday intern op 28th Dec"]
[Site "Chess.com INT"]
[Date "2021.12.28"]
[Round "10"]
[White "Bouget, Alexandre"]
[Black "Estrada Nieto, Julian"]
[Result "1/2-1/2"]
[WhiteElo "2250"]
[BlackElo "2253"]
[PlyCount "199"]
[EventDate "2021.12.28"]
[EventType "swiss (blitz)"]
[EventRounds "11"]
[EventCountry "USA"]
[SourceTitle "CBM 206 Extra"]
[Source "ChessBase"]
[SourceDate "2022.03.31"]
[SourceVersion "1"]
[SourceVersionDate "2022.03.31"]
[SourceQuality "1"]

1. Nc3 e5 2. Nf3 Nc6 3. d4 exd4 4. Nxd4 Nf6 5. Bg5 Bb4 6. Nf5 h6 7. Bh4 g5 8. Bg3 d5 9. Nd4 Ne4 10. Nxc6 bxc6 11. Qd4 Bxc3+ 12. bxc3 O-O 13. f3 c5 14. Qd3 Nxg3 15. hxg3 Qd6 16. Kf2 Ba6 17. Qf5 Rfe8 18. g4 Kg7 19. f4 Qxf4+ 20. Qxf4 gxf4 21. Rh5 Bc4 22. g3 fxg3+ 23. Kxg3 Re3+ 24. Kf2 Rae8 25. Rb1 Bxe2 26. Rxd5 Bxf1 27. Rxf1 Rxc3 28. Rd7 Rxc2+ 29. Kg3 Rc3+ 30. Kh4 Rf8 31. Rxc7 a5 32. Rf5 Rc2 33. Rcxc5 Rxa2 34. Rxa5 Rxa5 35. Rxa5 Re8 36. Ra7 Re2 37. Ra6 Re6 38. Ra7 Kg6 39. Rb7 Re4 40. Kg3 Re3+ 41. Kf4 Ra3 42. Rb6+ f6 43. Rb7 Ra4+ 44. Kg3 Rd4 45. Rb6 Re4 46. Rc6 Kg5 47. Rc5+ Re5 48. Rc3 Rb5 49. Rf3 Re5 50. Rd3 Re4 51. Rd5+ Re5 52. Rd3 h5 53. gxh5 Kxh5 54. Kf4 Kg6 55. Rg3+ Kf7 56. Rh3 Ke6 57. Rh6 Rf5+ 58. Ke4 Rg5 59. Kf4 Rb5 60. Rh8 Rb4+ 61. Ke3 Kf5 62. Kf3 Rb3+ 63. Kf2 Ke5 64. Rh5+ f5 65. Rh8 Ke4 66. Rc8 Rb2+ 67. Kf1 Kf4 68. Rc3 Kg4 69. Kg1 f4 70. Ra3 Rc2 71. Kf1 Rb2 72. Kg1 Rd2 73. Kf1 Rd4 74. Kg1 Re4 75. Kf2 Rd4 76. Rb3 Rd2+ 77. Ke1 Ra2 78. Kf1 Ra5 79. Rc3 Rh5 80. Kg2 Rh4 81. Kf2 Rh5 82. Kg2 Re5 83. Kf2 Ra5 84. Rb3 Ra2+ 85. Kf1 f3 86. Rb7 Ra1+ 87. Kf2 Ra2+ 88. Kf1 Kg3 89. Rg7+ Kf4 90. Rf7+ Ke4 91. Re7+ Kd5 92. Rd7+ Ke6 93. Rd3 f2 94. Rf3 Ke5 95. Rxf2 Ra1+ 96. Kg2 Ra3 97. Re2+ Kd4 98. Rf2 Re3 99. Rf3 Rxf3 100. Kxf3 1/2-1/2

[Event "Titled Tuesday intern op 28th Dec"]
[Site "Chess.com INT"]
[Date "2021.12.28"]
[Round "10"]
[White "Buscar, Michael"]
[Black "Viskelis, Darius"]
[Result "1-0"]
[WhiteElo "2088"]
[BlackElo "2200"]
[PlyCount "77"]
[EventDate "2021.12.28"]
[EventType "swiss (blitz)"]
[EventRounds "11"]
[EventCountry "USA"]
[SourceTitle "CBM 206 Extra"]
[Source "ChessBase"]
[SourceDate "2022.03.31"]
[SourceVersion "1"]
[SourceVersionDate "2022.03.31"]
[SourceQuality "1"]

1. e4 Nc6 2. Nf3 d6 3. d4 Bg4 4. Be2 Nf6 5. Nc3 e6 6. Be3 d5 7. exd5 exd5 8. h3 Bh5 9. g4 Bg6 10. Nh4 Be4 11. f3 Bb4 12. fxe4 Nxe4 13. Nf3 Qd6 14. Qd3 Qg3+ 15. Kd1 O-O-O 16. a3 Bxc3 17. bxc3 Na5 18. Nd2 Rhe8 19. Rf1 Nxc3+ 20. Qxc3 Rxe3 21. Qxa5 Rde8 22. Re1 Qf2 23. Qb5 c6 24. Qb4 Rxe2 25. Rxe2 Rxe2 26. Kc1 Qe1+ 27. Kb2 Qxd2 28. Qf8+ Kc7 29. Qxf7+ Kb6 30. Qf5 Qxd4+ 31. Ka2 Qc4+ 32. Kb2 Qb5+ 33. Kc3 d4+ 34. Kxd4 Rd2+ 35. Kc3 Qe2 36. Rb1+ Ka6 37. Rb4 Qe3+ 38. Kb2 b5 39. Rb3 1-0

[Event "Titled Tuesday intern op 28th Dec"]
[Site "Chess.com INT"]
[Date "2021.12.28"]
[Round "10"]
[White "Coto Mederos, Michel"]
[Black "Srihari, LR."]
[Result "0-1"]
[WhiteElo "2348"]
[BlackElo "2400"]
[PlyCount "46"]
[EventDate "2021.12.28"]
[EventType "swiss (blitz)"]
[EventRounds "11"]
[EventCountry "USA"]
[SourceTitle "CBM 206 Extra"]
[Source "ChessBase"]
[SourceDate "2022.03.31"]
[SourceVersion "1"]
[SourceVersionDate "2022.03.31"]
[SourceQuality "1"]

1. d4 d6 2. c4 e5 3. Nc3 exd4 4. Qxd4 Nc6 5. Qd1 Nf6 6. e4 Be7 7. f3 O-O 8. Be3 Nh5 9. Qd2 Re8 10. Nge2 f5 11. exf5 Nf6 12. g4 Ne5 13. Ng1 Nfxg4 14. fxg4 Nxg4 15. Kd1 Bh4 16. Bd4 c5 17. Bg2 cxd4 18. Bd5+ Kh8 19. Ne4 Ne3+ 20. Kc1 Nxd5 21. cxd5 Rxe4 22. Nf3 Bf6 23. Kb1 Bxf5 0-1

[Event "Titled Tuesday intern op 28th Dec"]
[Site "Chess.com INT"]
[Date "2021.12.28"]
[Round "10"]
[White "Derraugh, Geordie"]
[Black "Goncharov, Vladimir"]
[Result "0-1"]
[WhiteElo "2209"]
[BlackElo "2077"]
[PlyCount "82"]
[EventDate "2021.12.28"]
[EventType "swiss (blitz)"]
[EventRounds "11"]
[EventCountry "USA"]
[SourceTitle "CBM 206 Extra"]
[Source "ChessBase"]
[SourceDate "2022.03.31"]
[SourceVersion "1"]
[SourceVersionDate "2022.03.31"]
[SourceQuality "1"]

1. e4 e6 2. d4 d5 3. exd5 exd5 4. Nf3 Nc6 5. Bd3 Bd6 6. c4 dxc4 7. Bxc4 Nge7 8. O-O O-O 9. Nc3 Bg4 10. Bg5 h6 11. Bh4 Qd7 12. Re1 Rad8 13. d5 Bxf3 14. Qxf3 Ne5 15. Qe4 f5 16. Qd4 g5 17. Rxe5 Bxe5 18. Qxe5 Ng6 19. Qe6+ Qxe6 20. dxe6 Kg7 21. Re1 Rfe8 22. Bxg5 hxg5 23. Nb5 Re7 24. g3 c6 25. Nc3 Rd2 26. b4 Rd4 27. Bb3 Rxb4 28. Rd1 Nf8 29. Rd6 Kf6 30. Rd8 Nxe6 31. Ra8 Nd4 32. Rxa7 Nxb3 33. axb3 Rxb3 34. Na4 b5 35. Rxe7 Kxe7 36. Nc5 Rc3 37. Na6 Kd6 38. h4 gxh4 39. gxh4 Rc4 40. h5 Ra4 41. Nb8 Ra8 0-1

[Event "Titled Tuesday intern op 28th Dec"]
[Site "Chess.com INT"]
[Date "2021.12.28"]
[Round "10"]
[White "Desideri, Ricardo Maruchi"]
[Black "Kiseleva, Arina"]
[Result "1-0"]
[WhiteElo "1939"]
[BlackElo "1962"]
[PlyCount "85"]
[EventDate "2021.12.28"]
[EventType "swiss (blitz)"]
[EventRounds "11"]
[EventCountry "USA"]
[SourceTitle "CBM 206 Extra"]
[Source "ChessBase"]
[SourceDate "2022.03.31"]
[SourceVersion "1"]
[SourceVersionDate "2022.03.31"]
[SourceQuality "1"]

1. e4 c5 2. Nf3 d6 3. d4 cxd4 4. Nxd4 Nf6 5. Nc3 Nc6 6. f3 e5 7. Ndb5 a6 8. Na3 Be7 9. Nd5 O-O 10. c4 Nxd5 11. exd5 Nb8 12. Bd3 Bh4+ 13. g3 Bg5 14. O-O Bxc1 15. Qxc1 Bh3 16. Rf2 Nd7 17. b4 Rc8 18. Nc2 f5 19. Qe3 f4 20. gxf4 Rxf4 21. Kh1 Qh4 22. Rg1 Bf5 23. Rg3 Bxd3 24. Qxd3 Nf6 25. Rfg2 Nh5 26. Rg4 Rxg4 27. Rxg4 Qf2 28. Rg2 Qh4 29. Qf5 Rf8 30. Qe6+ Kh8 31. Qxd6 Qf6 32. Qxf6 Nxf6 33. d6 Rd8 34. c5 Kg8 35. Ne3 g6 36. Nc4 e4 37. fxe4 Nxe4 38. Re2 Nf6 39. Re7 Nd7 40. a4 a5 41. Rxd7 Rxd7 42. Nb6 Rd8 43. b5 1-0